Culture Générale - Série 843 - Statistiques

Statistiques générales
  • Ce quiz a été pris 147 fois
  • Le résultat moyen est 8 sur 10
Statistiques - réponses
Question Réponse % Correct
Dans quel océan se trouvent les îles Seychelles ? Océan indien
96%
Quelle héroïne de Charles Perrault est appelée Cinderella par les anglophones ? Cendrillon
95%
En natation, quel style de nage est le plus rapide ? crawl
94%
Sur quelle île française du littoral atlantique peut-on se balader sur les plages de La Flotte, de la Couarde-sur-Mer ou de Saint-Clément-des-Baleines ? île de Ré
94%
Quel champignon souterrain est parfois surnommé : le "diamant noir du Périgord" ? truffe
94%
Dans quelle ville de Champagne-Ardenne, Clovis Ier a-t-il été baptisé vers 498 ? Reims
87%
Quel mot peut être un nom synonyme d'incendie et un adjectif qualifiant une personne décédée depuis peu ? feu
83%
En juin 1791, dans quel village Louis XVI est-il arrêté lors de sa tentative de fuite ? Varennes-en-Argonne
76%
A l'origine, quelle ville française produisait la toile denim, servant à confectionner les jeans ? Nîmes
61%
Quelle matière Marcel Pagnol a-t-il enseignée au lycée Condorcet à Paris, avant de se consacrer définitivement à l'écriture ? anglais
53%
Aucun quiz correspondant
Distribution des résultats
% des personnes avec chaque résultat
Percentile par nombre de réponses
Votre historique - résultats
Vous n’avez pas pris ce quiz